<?xml version="1.0" encoding="UTF-8"?>
<record
    xmlns:xsi="http://www.w3.org/2001/XMLSchema-instance"
    xsi:schemaLocation="http://www.loc.gov/MARC21/slim http://www.loc.gov/standards/marcxml/schema/MARC21slim.xsd"
    xmlns="http://www.loc.gov/MARC21/slim">

  <leader>01013nam a22002655a 4500</leader>
  <controlfield tag="003">OSt</controlfield>
  <controlfield tag="005">20170122134550.0</controlfield>
  <controlfield tag="008">170122s1985    ua     frb    000 0 ara d</controlfield>
  <datafield tag="015" ind1=" " ind2=" ">
    <subfield code="a">3744 / 1985</subfield>
  </datafield>
  <datafield tag="020" ind1=" " ind2=" ">
    <subfield code="a">9770401625</subfield>
  </datafield>
  <datafield tag="040" ind1=" " ind2=" ">
    <subfield code="a">EG-ScBUE</subfield>
    <subfield code="b">ara</subfield>
    <subfield code="c">EG-ScBUE</subfield>
  </datafield>
  <datafield tag="043" ind1=" " ind2=" ">
    <subfield code="a">f------</subfield>
  </datafield>
  <datafield tag="082" ind1="0" ind2="4">
    <subfield code="a">327.096</subfield>
    <subfield code="b">&#x631; &#x623; &#x641;</subfield>
    <subfield code="2">22</subfield>
  </datafield>
  <datafield tag="100" ind1="1" ind2=" ">
    <subfield code="a">&#x631;&#x623;&#x641;&#x62A;&#x60C; &#x625;&#x62C;&#x644;&#x627;&#x644; &#x645;&#x62D;&#x645;&#x648;&#x62F;.</subfield>
  </datafield>
  <datafield tag="245" ind1="1" ind2="2">
    <subfield code="a">&#x627;&#x644;&#x642;&#x631;&#x646; &#x627;&#x644;&#x625;&#x641;&#x631;&#x64A;&#x642;&#x64A; :</subfield>
    <subfield code="b">&#x627;&#x644;&#x645;&#x62A;&#x63A;&#x64A;&#x631;&#x627;&#x62A; &#x627;&#x644;&#x62F;&#x627;&#x62E;&#x644;&#x64A;&#x629; &#x648;&#x627;&#x644;&#x635;&#x631;&#x627;&#x639;&#x627;&#x62A; &#x627;&#x644;&#x62F;&#x648;&#x644;&#x64A;&#x629; /</subfield>
    <subfield code="c">&#x625;&#x62C;&#x644;&#x627;&#x644; &#x645;&#x62D;&#x645;&#x648;&#x62F; &#x631;&#x623;&#x641;&#x62A;&#x60C; &#x625;&#x628;&#x631;&#x627;&#x647;&#x64A;&#x645; &#x623;&#x62D;&#x645;&#x62F; &#x646;&#x635;&#x631; &#x627;&#x644;&#x62F;&#x64A;&#x646;.</subfield>
  </datafield>
  <datafield tag="260" ind1=" " ind2=" ">
    <subfield code="a">&#x627;&#x644;&#x642;&#x627;&#x647;&#x631;&#x629; :</subfield>
    <subfield code="b">&#x62F;&#x627;&#x631; &#x627;&#x644;&#x646;&#x647;&#x636;&#x629; &#x627;&#x644;&#x639;&#x631;&#x628;&#x64A;&#x629;&#x60C;</subfield>
    <subfield code="c">1985.</subfield>
  </datafield>
  <datafield tag="300" ind1=" " ind2=" ">
    <subfield code="a">162 &#x635;. &#x61B;</subfield>
    <subfield code="c">24 &#x633;&#x645;.</subfield>
  </datafield>
  <datafield tag="504" ind1=" " ind2=" ">
    <subfield code="a">&#x64A;&#x634;&#x62A;&#x645;&#x644; &#x639;&#x644;&#x649; &#x625;&#x631;&#x62C;&#x627;&#x639;&#x627;&#x62A; &#x628;&#x628;&#x644;&#x64A;&#x648;&#x62C;&#x631;&#x627;&#x641;&#x64A;&#x629;.</subfield>
  </datafield>
  <datafield tag="650" ind1=" " ind2=" ">
    <subfield code="2">BUEsh</subfield>
  </datafield>
  <datafield tag="651" ind1=" " ind2="7">
    <subfield code="a">&#x625;&#x641;&#x631;&#x64A;&#x642;&#x64A;&#x627;</subfield>
    <subfield code="x">&#x639;&#x644;&#x627;&#x642;&#x627;&#x62A; &#x62E;&#x627;&#x631;&#x62C;&#x64A;&#x629;</subfield>
    <subfield code="2">BUEsh</subfield>
  </datafield>
  <datafield tag="651" ind1=" " ind2="7">
    <subfield code="a">&#x625;&#x641;&#x631;&#x64A;&#x642;&#x64A;&#x627;</subfield>
    <subfield code="x">&#x623;&#x62D;&#x648;&#x627;&#x644; &#x633;&#x64A;&#x627;&#x633;&#x64A;&#x629;.</subfield>
    <subfield code="2">BUEsh</subfield>
  </datafield>
  <datafield tag="653" ind1=" " ind2=" ">
    <subfield code="b">LLAAWW</subfield>
    <subfield code="c">January2017</subfield>
  </datafield>
  <datafield tag="700" ind1="1" ind2=" ">
    <subfield code="a">&#x646;&#x635;&#x631; &#x627;&#x644;&#x62F;&#x64A;&#x646;&#x60C; &#x625;&#x628;&#x631;&#x627;&#x647;&#x64A;&#x645; &#x623;&#x62D;&#x645;&#x62F;. </subfield>
  </datafield>
  <datafield tag="942" ind1=" " ind2=" ">
    <subfield code="2">ddc</subfield>
  </datafield>
  <datafield tag="999" ind1=" " ind2=" ">
    <subfield code="c">23995</subfield>
    <subfield code="d">23967</subfield>
  </datafield>
  <datafield tag="952" ind1=" " ind2=" ">
    <subfield code="0">0</subfield>
    <subfield code="1">0</subfield>
    <subfield code="2">ddc</subfield>
    <subfield code="4">0</subfield>
    <subfield code="7">0</subfield>
    <subfield code="8">DarN.AR.</subfield>
    <subfield code="a">MAIN</subfield>
    <subfield code="b">MAIN</subfield>
    <subfield code="c">1ST</subfield>
    <subfield code="d">2017-01-22</subfield>
    <subfield code="e">Purchase</subfield>
    <subfield code="g">5.00</subfield>
    <subfield code="h">2815</subfield>
    <subfield code="o">327.096 &#x631; &#x623; &#x641;</subfield>
    <subfield code="p">000041035</subfield>
    <subfield code="r">2025-07-15 00:00:00</subfield>
    <subfield code="s">2018-03-06</subfield>
    <subfield code="v">6.25</subfield>
    <subfield code="y">BB</subfield>
  </datafield>
  <datafield tag="952" ind1=" " ind2=" ">
    <subfield code="0">0</subfield>
    <subfield code="1">0</subfield>
    <subfield code="2">ddc</subfield>
    <subfield code="4">0</subfield>
    <subfield code="7">0</subfield>
    <subfield code="8">DarN.AR.</subfield>
    <subfield code="a">MAIN</subfield>
    <subfield code="b">MAIN</subfield>
    <subfield code="c">1ST</subfield>
    <subfield code="d">2017-01-22</subfield>
    <subfield code="e">Purchase</subfield>
    <subfield code="g">5.00</subfield>
    <subfield code="h">2815</subfield>
    <subfield code="o">327.096 &#x631; &#x623; &#x641;</subfield>
    <subfield code="p">000041036</subfield>
    <subfield code="r">2025-07-15 00:00:00</subfield>
    <subfield code="v">6.25</subfield>
    <subfield code="y">BB</subfield>
  </datafield>
</record>
